[Event "AUTO-OPEN-4242"]
[Site "http://www.queenalice.com/game.php?id=1766127"]
[Date "2021.8.4"]
[Round "2"]
[White "edkgpp"]
[Black "Alex_ac"]
[Result "1-0"]
[WhiteElo "2474"]
[BlackElo "1924"]

1. d4 e6 2. c4 d5 3. Nc3 a6 4. Nf3 h6 5. e4 Bb4 6. Bd3 Nc6 7. exd5 Bxc3+ 8. bxc3
exd5 9. cxd5 Qxd5 10. O-O Bg4 11. Re1+ Nge7 12. Be4 Qd7 13. Bxc6 Qxc6 14. Ba3
1-0

[Event "AUTO-MASTER-3032"]
[Site "http://www.queenalice.com/game.php?id=1766668"]
[Date "2021.8.11"]
[Round "2"]
[White "CCapivara"]
[Black "edkgpp"]
[Result "0-1"]
[WhiteElo "2291"]
[BlackElo "2475"]

1. e4 Nf6 2. e5 Nd5 3. c4 Nb6 4. c5 Nd5 5. Nc3 Nxc3 6. bxc3 d6 7. cxd6 exd6 8.
exd6 Bxd6 9. Nf3 O-O 10. d4 Re8+ 11. Be2 c5 12. O-O Nc6 13. Bg5 Qc7 14. Bh4 cxd4
15. cxd4 Be6 16. Rc1 Bxa2 17. Bc4 Bxc4 18. Rxc4 b5 19. Rc1 Qd7 20. Bg3 a6 21. d5
Ne7 22. Qd3 Bxg3 23. hxg3 Nxd5 24. Rfd1 Rad8 25. Ng5 Nf6 26. Qc2 Qe7 0-1

[Event "AUTO-MASTER-3032"]
[Site "http://www.queenalice.com/game.php?id=1766669"]
[Date "2021.8.11"]
[Round "2"]
[White "edkgpp"]
[Black "CCapivara"]
[Result "1-0"]
[WhiteElo "2458"]
[BlackElo "2190"]

1. e4 d6 2. d4 Nf6 3. Nc3 c6 4. f4 Qa5 5. Bd3 e5 6. Nf3 Bg4 7. Be3 Nbd7 8. O-O
Be7 9. h3 Bxf3 10. Qxf3 O-O 11. Ne2 b5 12. g4 exf4 13. Bxf4 c5 14. e5 dxe5 15.
dxe5 Ne8 16. Qxa8 1-0

[Event "AUTO-OPEN-4246"]
[Site "http://www.queenalice.com/game.php?id=1768605"]
[Date "2021.9.3"]
[Round "2"]
[White "Tonto"]
[Black "edkgpp"]
[Result "0-1"]
[WhiteElo "1880"]
[BlackElo "2536"]

1. e4 Nf6 2. d3 c5 3. c4 Nc6 4. Nc3 g6 5. Be2 Bg7 6. Bf4 O-O 7. Nf3 d6 8. O-O a6
9. a4 Bg4 10. h3 Bxf3 11. Bxf3 Ne8 12. Nd5 Nc7 13. Nb6 Ne6 14. Nd5 Nxf4 15. Nxf4
Rb8 16. Rb1 b5 17. axb5 axb5 18. b3 b4 19. Re1 Bc3 20. Re2 Be5 21. Nd5 e6 22.
Ne3 h5 23. Nf1 Ra8 24. Re3 Nd4 25. Kh1 Ra2 26. Nh2 Rxf2 27. Bxh5 Qg5 28. Qg4
Qxe3 29. Bxg6 fxg6 30. Qxg6+ Bg7 31. Ng4 Rf1+ 0-1

[Event "AUTO-OPEN-4246"]
[Site "http://www.queenalice.com/game.php?id=1768606"]
[Date "2021.9.3"]
[Round "2"]
[White "edkgpp"]
[Black "Tonto"]
[Result "0-1"]
[WhiteElo "2461"]
[BlackElo "1861"]

1. e4 e5 2. Nf3 d6 3. d4 exd4 4. Nxd4 c5 5. Ne2 Nc6 6. Nbc3 Be6 7. Nf4 Bd7 8.
Be3 Nf6 9. Bd3 Be7 10. f3 Qc7 11. Qd2 Ne5 12. O-O-O a5 13. Nfd5 Qd8 14. Nxe7
Qxe7 15. Be2 O-O 16. Qxd6 Qxd6 17. Rxd6 Be6 18. Bxc5 Nfd7 19. Bd4 Nc6 20. Rd1
Nde5 21. Bxe5 Nxe5 22. Rb6 Rab8 23. Rb5 Nc6 24. a3 g6 25. h4 b6 26. Rd6 Rfc8 27.
Na4 Ne7 28. Nxb6 Rc6 29. Nd5 Rxb5 30. Nxe7+ Kg7 31. Nxc6 Rc5 32. b4 Rc3 33. Kb2
Re3 34. bxa5 Bc8 35. Nd4 h6 36. h5 gxh5 37. Bc4 h4 0-1

[Event "AUTO-OPEN-4246"]
[Site "http://www.queenalice.com/game.php?id=1768611"]
[Date "2021.9.3"]
[Round "2"]
[White "edkgpp"]
[Black "danielglowinski"]
[Result "0-1"]
[WhiteElo "2467"]
[BlackElo "2578"]

1. d4 Nf6 2. c4 e6 3. Nc3 d5 4. Bg5 Be7 5. e3 O-O 6. Nf3 Nc6 7. Rc1 h6 8. Bh4
dxc4 9. Bxc4 b6 10. O-O Bb7 11. Qe2 Nb4 12. e4 Nh5 13. Bxe7 Qxe7 14. a3 Nc6 15.
Ba2 Rfe8 16. Qe3 Qf6 0-1

[Event "AUTO-OPEN-4246"]
[Site "http://www.queenalice.com/game.php?id=1768612"]
[Date "2021.9.3"]
[Round "2"]
[White "danielglowinski"]
[Black "edkgpp"]
[Result "1-0"]
[WhiteElo "2572"]
[BlackElo "2473"]

1. e4 c5 2. Nf3 d6 3. Bb5+ Bd7 4. Bxd7+ Qxd7 5. O-O Nf6 6. d3 Nc6 7. Nc3 g6 8.
Be3 Bg7 9. h3 O-O 10. Qd2 Rac8 11. Rfe1 e5 12. Bg5 Nh5 13. Nd5 f5 14. Qc3 f4 15.
a3 h6 16. Qb3 1-0

[Event "AUTO-MASTER-3025"]
[Site "http://www.queenalice.com/game.php?id=1773958"]
[Date "2021.11.3"]
[Round "2"]
[White "Vedovanera"]
[Black "edkgpp"]
[Result "1-0"]
[WhiteElo "2359"]
[BlackElo "2494"]

1. e4 e5 2. Nf3 Nf6 3. d4 Nxe4 4. Bd3 d5 5. Nxe5 Nd7 6. Qe2 Nxe5 7. Bxe4 dxe4 8.
Qxe4 Bd6 9. dxe5 O-O 10. Bf4 Bd7 11. Nd2 1-0

[Event "AUTO-MASTER-3025"]
[Site "http://www.queenalice.com/game.php?id=1773959"]
[Date "2021.11.3"]
[Round "2"]
[White "edkgpp"]
[Black "Vedovanera"]
[Result "0-1"]
[WhiteElo "2483"]
[BlackElo "2375"]

1. e4 c5 2. Nf3 e6 3. d4 cxd4 4. Nxd4 a6 5. Bd3 d5 6. exd5 Qxd5 7. O-O Bd7 8.
Be3 Nf6 9. Nc3 Qe5 10. Re1 Nc6 11. Nf5 Qa5 0-1

[Event "AUTO-ELITE-2347"]
[Site "http://www.queenalice.com/game.php?id=1779778"]
[Date "2022.1.10"]
[Round "2"]
[White "Sexxy_Bunny"]
[Black "edkgpp"]
[Result "1-0"]
[WhiteElo "2818"]
[BlackElo "2537"]

1. e4 c5 2. Nf3 d6 3. d4 cxd4 4. Nxd4 Nf6 5. Nc3 a6 6. Be3 e5 7. Nb3 Be6 8. f3
h5 9. Qd2 Nbd7 10. O-O-O Rc8 11. Kb1 Be7 12. h3 b5 13. Bd3 Nb6 14. g4 b4 15. Ne2
Nc4 16. Bxc4 Bxc4 17. g5 Nd7 18. h4 g6 19. Ng3 a5 20. f4 a4 21. Nc1 Qa5 22. f5
1-0

[Event "AUTO-ELITE-2347"]
[Site "http://www.queenalice.com/game.php?id=1779779"]
[Date "2022.1.10"]
[Round "2"]
[White "edkgpp"]
[Black "Sexxy_Bunny"]
[Result "0-1"]
[WhiteElo "2535"]
[BlackElo "2820"]

1. e4 c5 2. Nf3 d6 3. d4 cxd4 4. Nxd4 Nf6 5. Nc3 a6 6. Be2 e5 7. Nb3 Be7 8. O-O
O-O 9. Be3 Be6 10. Qd3 Nbd7 11. a4 Rc8 12. a5 Qc7 13. Rfd1 Rfd8 14. Bf3 Nc5 15.
Nxc5 dxc5 16. Nd5 Nxd5 17. exd5 f5 18. Qb3 Bf7 19. c4 e4 20. Be2 f4 21. Bd2 Rf8
0-1